00917nam a2200265 a 4500001001300000003000900013005001700022008004100039020001000080082001300090100001600103245008100119260004500200300000900245500003500254505001000289650002700299700001600326902000800342942000700350952009300357952009300450952009300543999001500636nice12345678IN_TiNIC20260116011558.0050524s1928 lona grp 000 0 eng  ac10000a291bLEV aLevonian, L aMoslem Mentalityb Discussion of the Presentation of Christianity to Moslems aLondonbGeorge Allen and Unwin Ltdc1928 a245p aincludes index and biblioraphy2 aIndex aChristianity and Islam1 aLevonian, L bSRS cBK 00104070aHMIbHMId0000-00-00g100.00l0o291 LEVp1341r0000-00-00w2026-01-16yARB 00104070aHMIbHMId0000-00-00g100.00l0o291 LEVp1376r0000-00-00w2026-01-16yARB 00104070aHMIbHMId0000-00-00g100.00l0o291 LEVp7458r0000-00-00w2026-01-16yARB c2714d2714